What Do You Do? - Sudden Death #1 - Statistics

General Stats
  • This quiz has been taken 149 times
  • The average score is 6 of 15
Answers on the Grid
Answers color-coded by a green-red scale on the quiz's grid according to % correct below.
Ensure a clear path and safe stop point, then pull over
Immediately cut hard across traffic to pull over
Stop on shoulder
Panic
Turn on your hazard lights
Swerve
Evacuate vehicle ASAP
Call roadside assistance
Remain calm
Call 911
Continue driving like normal to a mechanic
Abandon your vehicle by the side of the road
Brake hard in traffic
Reduce speed significantly
Drive your car to a hardware store
Let somebody know what happened
Watch a YouTube tutorial to learn how to change a tire
Fill up the gas tank
Deflate the other tires to lower the chassis
Attempt to re-inflate the blown tire
Loosen the lug nuts on the tire slightly before raising the car
Take off the lug nuts before raising the car
Put the jack anywhere on the underside of the car
Put the jack on a pinch weld and raise the car
Once raised, take off the tire and put on the spare
Take off all your tires in case they're all compromised
Once raised, set the car on a cinderblock so it stays up
Mostly tighten the lug nuts on the spare before lowering
After the spare is on, lower the car and tighten nuts fully
With a spare on, drive under 50 mph to a mechanic
Avoid driving further than 50 miles with the spare on
Over-inflate the other tires to compensate for the flat
 
Answer Stats
Answer % Correct
Ensure a clear path and safe stop point, then pull over
90%
Turn on your hazard lights
88%
Remain calm
75%
Call roadside assistance
66%
Stop on shoulder
61%
Reduce speed significantly
40%
Let somebody know what happened
38%
Once raised, take off the tire and put on the spare
28%
With a spare on, drive under 50 mph to a mechanic
28%
Avoid driving further than 50 miles with the spare on
27%
After the spare is on, lower the car and tighten nuts fully
25%
Loosen the lug nuts on the tire slightly before raising the car
25%
Put the jack on a pinch weld and raise the car
25%
Watch a YouTube tutorial to learn how to change a tire
19%
Mostly tighten the lug nuts on the spare before lowering
12%
No matching quizzes found
Score Distribution
Percent of People with Each Score
Percentile by Number Answered
Your Score History
You have not taken this quiz